| 000 | 01001nam a2200289 i 4500 | ||
|---|---|---|---|
| 003 | DO-SdBNP | ||
| 005 | 20240316073920.0 | ||
| 007 | ta | ||
| 008 | 230516b2022 dr ||||| |||| 00| 0 spa d | ||
| 020 | _a9789945510287 | ||
| 040 |
_aDO-SdBNP _bspa _cBNPHU _erda |
||
| 082 | 4 | _222 | |
| 245 | 0 | 0 |
_aInatrapable rumor del mar : _bselección de poemas de talleristas puertoplateños / _c corrección, Andrés Blanco Díaz ; presentación Andrés Ulloa, Nam Chevalier |
| 264 |
_aSanto Domingo : _bNacional, _c2022. |
||
| 300 |
_a202 páginas ; _c22 cm. |
||
| 336 |
_2rdacontent _atexto _btxt |
||
| 337 |
_2rdamedia _asin mediación _bn |
||
| 338 |
_2rdacarrier _avolumen _bnc |
||
| 490 | _apoesía | ||
| 500 | _aFestival del libro y la cultura Puerto Plata 2022. | ||
| 590 | _aInventariado, 2023/BT | ||
| 700 | 1 |
_aBlanco Díaz, Andrés _ecorrección _9172 |
|
| 700 | 1 |
_aChevalier, Nam _epresentación _983400 |
|
| 700 | 1 |
_aUlloa, Andrés, _epresentación _943555 |
|
| 910 | _aBtavárez | ||
| 942 |
_2ddc _cLBS1 |
||
| 999 |
_c53542 _d53542 |
||